[Event "IECG CM.2004.0.00249 email"]
[Site "IECG email"]
[Date "2004.06.20"]
[Round "?"]
[White "Dominguez, Carlos Isaias"]
[Black "Jarkoff, Evgeni"]
[Result "1-0"]
[WhiteElo "2227"]
[BlackElo "2252"]
[PlyCount "53"]
[EventDate "2004.06.20"]
[EventType "tourn (corr)"]
[EventRounds "6"]
[SourceTitle "Corr 2008"]
[Source "ChessBase"]
[SourceDate "2008.06.24"]
[SourceVersion "1"]
[SourceVersionDate "2008.06.24"]
[SourceQuality "1"]

1. e4 c5 2. c3 d5 3. exd5 Qxd5 4. d4 Nf6 5. Nf3 e6 6. Be3 cxd4 7. cxd4 Nc6 8. a3 Be7 9. Nc3 Qd6 10. Bd3 0-0 11. 0-0 b6 12. Qc2 Bb7 13. Rad1 Rac8 14. Rfe1 Rfd8 15. d5 exd5 16. Bf5 Ra8 17. Nb5 Qb8 18. g3 Bd6 19. Bg5 Be5 20. Nxe5 Nxe5 21. Bf4 Nf3+ 22. Kf1 Ba6 23. Bxb8 Bxb5+ 24. Kg2 Nxe1+ 25. Rxe1 Raxb8 26. Re7 g6 27. Rxa7 1-0

[Event "IECG CM.2004.0.00249 email"]
[Site "IECG email"]
[Date "2004.06.20"]
[Round "?"]
[White "Jarkoff, Evgeni"]
[Black "Bann, Ellery"]
[Result "1-0"]
[WhiteElo "2252"]
[BlackElo "2140"]
[PlyCount "33"]
[EventDate "2004.06.20"]
[EventType "tourn (corr)"]
[EventRounds "6"]
[SourceTitle "Corr 2008"]
[Source "ChessBase"]
[SourceDate "2008.06.24"]
[SourceVersion "1"]
[SourceVersionDate "2008.06.24"]
[SourceQuality "1"]

1. e4 c5 2. Nf3 d6 3. d4 cxd4 4. Nxd4 Nf6 5. Nc3 g6 6. Be3 Bg7 7. f3 0-0 8. Qd2 Nc6 9. Bc4 Bd7 10. 0-0-0 Ne5 11. Bb3 Qa5 12. h4 Rfc8 13. g4 Nc4 14. Bxc4 Rxc4 15. h5 Rxc3 16. Qxc3 Qxa2 17. hxg6 1-0